书目信息 |
| 题名: |
根雕
|
|
| 作者: | 周学森 著 | |
| 分册: | ||
| 出版信息: | 武汉 湖北人民出版社 1998.9 |
|
| 页数: | 109页 | |
| 开本: | 18cm | |
| 丛书名: | "小小珍玩"丛书 | |
| 单 册: | ||
| 中图分类: | J314.2 | |
| 科图分类: | ||
| 主题词: | 根雕--(技术)美术 | |
| 电子资源: | ||
| ISBN: | 7-216-02402-8 | |
| 000 | 00606nam0 2200229 45 | |
| 001 | 0006121040 | |
| 005 | 20040521085544.5 | |
| 010 | @a7-216-02402-8@dCNY6.00 | |
| 100 | @a20000612d1998 km y0chiy0120 ea | |
| 101 | @achi | |
| 105 | @a z 000yy | |
| 200 | 1 | @a根雕@f周学森著@FZhou Xue Sen Zhu |
| 210 | @a武汉@c湖北人民出版社@d1998.9 | |
| 215 | @a109页@c图@d18cm | |
| 225 | @a"小小珍玩"丛书 | |
| 410 | @12001 @a"小小珍玩"丛书 | |
| 605 | @a根雕@x鉴赏 | |
| 606 | 0 | @a根雕@x(技术)美术 |
| 690 | @aJ314.2@v1 | |
| 701 | @a周学森@4著 | |
| 801 | @aCN@bTSTC@c20000612 | |
| 905 | @dJ314.2@e8@f2@b289064-065 | |
| 根雕/周学森著.-武汉:湖北人民出版社,1998.9 |
| 109页:图;18cm.-("小小珍玩"丛书) |
| ISBN 7-216-02402-8:CNY6.00 |
| ● |
| 相关链接 |
|
|
|
|
正题名:根雕
索取号:J314.2/8
 
预约/预借
| 序号 | 登录号 | 条形码 | 馆藏地/架位号 | 状态 | 备注 |
| 1 | 0289064 | 002890642 | 第一借阅区/ [索取号:J314.2/8] | 在馆 | |
| 2 | 0289065 | 002890651 | 第一借阅区/ [索取号:J314.2/8] | 在馆 | |
| 3 | 0289066 | 002890660 | 第一样本阅览室/ [索取号:J314.2/8] | 在馆 |